Golografija i deformacija metallov /
Salvato in:
| Autori principali: | , , |
|---|---|
| Natura: | Libro |
| Lingua: | russo |
| Pubblicazione: |
Moskva :
Metallurgija,
1982
|
| Soggetti: | |
| Tags: |
Nessun Tag, puoi essere il primo ad aggiungerne!!
|
MARC
| LEADER | 00000nam a22000003a 4500 | ||
|---|---|---|---|
| 001 | stu38364 | ||
| 005 | 20150617225725.4 | ||
| 008 | 921014s1982----xxr-----------------rus-d | ||
| 040 | |a STU |b slo | ||
| 041 | 0 | |a rus | |
| 044 | |a xxr | ||
| 080 | |a 535.2 |7 A000003303 | ||
| 080 | |a 539.37/.38 | ||
| 100 | 1 | |a Kudrin, A.B |4 aut | |
| 245 | 1 | |a Golografija i deformacija metallov / |c [aut.]A.B. Kudrin, P.I. Poluchin, N.A. Čičeněv | |
| 260 | |a Moskva : |b Metallurgija, |c 1982 | ||
| 300 | |a 149 s | ||
| 650 | 7 | |a holografia |2 stusub | |
| 650 | 7 | |a deformácie |2 stusub | |
| 700 | 1 | |a Poluchin, P.I |4 aut | |
| 700 | 1 | |a Čičeněv, N.A |4 aut | |
| 996 | |b 284M062417 |c M*6814-1 |l MMKN |s A |a 24 |w stu38364_0001 | ||
| 996 | |b E50878 |c E*50878 |l EE10 |s P |a 0 |w stu38364_0002 | ||